| 000 | 00931nam1a22002291i 4500 | ||
|---|---|---|---|
| 001 | rc\3215682 | ||
| 005 | 20260406204510.0 | ||
| 035 | _a(NLR Aleph) 007361518 | ||
| 090 |
_a6312240 _c6312240 |
||
| 100 | _a20130115d1974 |||y0rusy50 ca | ||
| 101 | 0 |
_arus _aest |
|
| 102 | _aRU | ||
| 105 | _ay b ||||| | ||
| 200 | 1 |
_aТематический список иностранных промышленных каталогов _e[Вып. 2] _fЭст. НИИ науч.-техн. информации и техн.-экон. исследований. Респ. науч.-техн. б-ка ЭССР |
|
| 210 |
_aТаллин _cБ. и. _d1974 |
||
| 215 | _d29 | ||
| 300 | _aТекст парал. на рус. и эст. яз. | ||
| 710 | 0 | 2 |
_aЭстонская респ. науч.-техн. б-ка _cТаллин _3RU\NLR\AUTH\889964903 _9426018 |
| 801 | 0 |
_aRU _bNLR _gpsbo |
|
| 801 | 1 |
_aRU _bELAR _2rusmarc |
|
| 852 |
_aNLR _bСВТЛ |
||
| 942 | _cBOOK | ||